|
|
|
|
| LEADER |
00000nam a22000007a 4500 |
| 005 |
20160127132242.0 |
| 007 |
cr|||| ||u| |
| 008 |
160127s19982012-usqn|pos|||| 0||| 1eng d |
| 022 |
|
|
|a 1447-9338
|
| 035 |
|
|
|a 2927
|
| 040 |
|
|
|a vLex
|
| 090 |
|
|
|c 5848
|d 5848
|
| 245 |
1 |
0 |
|a Innovation: Management, Policy & Practice
|h [Recurso electrn̤ico] /
|c eContent Management Pty Ltd.
|
| 256 |
|
|
|a Servicio en ln̕ea
|
| 260 |
|
|
|a Estados Unidos
|b eContent Management Pty Ltd.
|c 2012
|
| 310 |
|
|
|a Trimestral
|
| 506 |
1 |
|
|a Contenido solo disponible en los productos indicados
|d vLex Global
|d vLex Global (Academic Edition, excluding Law Schools)
|d vLex Global (U.S. Academic Edition, Law Schools)
|d vLex Global (U.S. Academic Edition, excluding Law Schools)
|d vLex Global (Academic Edition, Law Schools)
|
| 650 |
0 |
4 |
|a Derecho
|z Estados Unidos
|
| 740 |
|
|
|a vLex revistas (servicios en ln̕ea)
|
| 856 |
4 |
0 |
|u http://vlex.com/source/innovation-management-policy-practice-2927
|z Acceso restringido
|
| 942 |
|
|
|c REV
|
| 999 |
0 |
|
|a Law
|